1604 1746 1426 1775 1836 1987 1645 1162 1653 1350 1175 1145 1299 1217 1365 1119 1907 1937 1666 1578 1816 1606 1819 1730 1779 1227 1359 1686 1877 1579 1604 1210 1563 1844 1858 1730 1987 1135 1103 1277 1945 1837 1876 1964 1425 1994 1240 1540 1350 1030 1807 1882 1096 1598 1883 1081 1380 1131 1440 1008 1637 1894 1205 1679 1818 1764 1471 1417 1663 1766 1891 1372 1766 1526 1600 1070 1536 1113 1398 1297 1503 1840 1706 1541 1272 1913 1154 1433 1790 1125 1493 1626 1159 1771 1532 1774 1128 1009 1871 BCNSPRNW ULIB Ver.6.0+V

เปลี่ยนเป็นภาษาไทย

Change to English
 แสดงรายละเอียดบรรณานุกรม
  กลับหน้าหลัก

Brief Record : Get Marc (ISO 2709) : E-mail record : QR code < ปิดหน้าต่าง
LEADER : 00000nam 2200000uu 4500
001    13399121003
003     ULIB
008    020711s2546 th a 000 0 tha d
020    9749800044
050  4 HQ728^cส691น
110    กระทรวงการพัฒนาสังคมและความมั่นคงของมนุษย์^bสำนักงานกิจการสตรีและสถาบันครอบครัว
245    นโยบายและยุทธศาสตร์การพัฒนาสถาบันครอบครัว พ.ศ.2547 - 2556/^cสำนักงานกิจการสตรีและสถาบันครอบครัว
260    นนทบุรี :^bสำนักงานกิจการสตรีและสถาบันครอบครัว,^c2546
300    31 หน้า
650    การพัฒนาสถาบันครอบครัว
945    ^p0^l0^i24560
999    ^aทศพร เกษรทอง
รายการนี้ยังไม่มีแท็ก
คุณยังไม่ได้ล็อกอิน คุณสามารถมีกิจกรรมร่วมกับเว็บไซต์ได้ แต่ต้องล็อกอินก่อน ::
  ล็อกอิน

รายการสื่อสารสนเทศ

ลำดับที่ ประเภท เลขเรียก/บาร์โค้ด สถานที่ สถานะ
1. วิทยาศาสตร์การแพทย์ และสุขภาพ
วิทยาศาสตร์การแพทย์ และสุขภาพ
HQ728 ส691น ฉ.1 
  Barcode: 24560
ห้องสมุดวิทยาเขตสวรรค์ประชารักษ์
►หนังสือทั่วไป
บนชั้น

BibComment


ยังไม่เคยถูกคอมเมนท์

คอมเมนท์ทรัพยากรรายการนี้
  คอมเมนท์: นโยบายและยุทธศาสต..


 Copyright 2026. Bcnsprnw @Library